000 00391nam a2200157Ia 4500
008 151213s9999 xx 000 0 und d
020 _a0-415-33639-2
100 _aHomiki . Bhabha
245 _athe Location Of Culture
_cHomiki . Bhabha
260 _aLondon
_bRoutledge
_c1994
300 _a7147 p.
650 _aEnglish
650 _aEnglish
700 _aHomiki . Bhabha
999 _c3790
_d3790